Terminologie používaná na komoditních termínových burzách.

Výkladový slovník asi 100 anglických termínov, používaných na komoditných termínových burzách.

Saved in:
Bibliographic Details
Main Author: Kouba, J.
Format: Book Chapter
Language:Czech
Subjects:
Tags: Add Tag
No Tags, Be the first to tag this record!

MARC

LEADER 00000naa a2200000 4500
001 r009801
005 20220831085308.2
041 0 |a cze 
044 |a [CS] 
245 1 0 |a Terminologie používaná na komoditních termínových burzách.  |c J. Kouba 
520 |a Výkladový slovník asi 100 anglických termínov, používaných na komoditných termínových burzách. 
610 2 0 |a terminológia 
610 2 0 |a angličtina 
610 2 0 |a burzy komoditné 
610 2 0 |a slovníky 
100 1 |a Kouba, J.